| 000 | 00979nam a22002657a 4500 | ||
|---|---|---|---|
| 999 |
_c16681 _d16681 |
||
| 003 | EG-ScBUE | ||
| 005 | 20201124141838.0 | ||
| 008 | 120423s2007 ua f b 00000 ara d | ||
| 020 | _a9770132063 | ||
| 040 |
_aEG-ScBUE _bara _erda _cEG-ScBUE _dEG-ScBUE |
||
| 043 | _af-ua--- | ||
| 082 | 0 | 4 |
_a071.962 _bم ي خ _222 |
| 100 | 1 |
_aميخائيل ، رمزي، _eمؤلف. _929708 |
|
| 245 | 1 | 2 |
_aالصحافة المصرية وثورة 1919 / _cدكتور رمزي ميخائيل. |
| 264 | 1 |
_aالقاهرة : _bالهيئة المصرية العامة للكتاب، _c2007. |
|
| 300 |
_a594 صفحة ؛ _c22 سم |
||
| 336 |
_2rdacontent _atext _btxt |
||
| 337 |
_2rdamedia _aunmediated _bn |
||
| 338 |
_2rdacarrier _avolume _bnc |
||
| 504 | _aيشتمل على إرجاعات ببليوجرافية. | ||
| 651 | 7 |
_aمصر _xتاريخ _yالعصر الحديث - ثورة 1919. _2BUEsh _914751 |
|
| 653 |
_bGGEN _cOctober2020 |
||
| 655 |
_vReading book _934232 |
||
| 942 |
_2ddc _cBB |
||